[Event "Olympiad-39"]
[Site "Khanty-Mansiysk"]
[Date "2010.09.25"]
[Round "5.4"]
[White "Timofeev, Artyom"]
[Black "Pashikian, Arman"]
[Result "0-1"]
[WhiteElo "2690"]
[BlackElo "2639"]
[Annotator "Marin,M"]
[PlyCount "86"]
[EventDate "2010.09.21"]
[EventType "team-swiss"]
[EventRounds "11"]
[EventCountry "RUS"]
[SourceTitle "CBM 139"]
[Source "ChessBase"]
[SourceDate "2010.11.18"]
[SourceVersion "1"]
[SourceVersionDate "2010.11.18"]
[SourceQuality "1"]
[WhiteTeam "Russia II"]
[BlackTeam "Armenia"]
[WhiteTeamCountry "RUS"]
[BlackTeamCountry "ARM"]

1. e4 e5 2. Nf3 Nc6 3. Bb5 Nf6 4. O-O Nxe4 5. d4 Nd6 6. Bxc6 dxc6 7. dxe5 Nf5
8. Qxd8+ Kxd8 9. Nc3 Ke8 10. h3 h5 {After a whole decade of intense practice
with the Berlin defence, Black has learned that sometimes he can afford
becoming ambitious on the wing where White has a pawn majority. The last move
is currently considered as entirely viable and offering Black approximate
equality in a complicated position. The main strategic threat is to spoil the
mobility of White's majority with ...h4. The obvious drawback of this move is
the weakening of the g5-square.} 11. Rd1 ({The alternative plan is to
concentrate the minor pieces on the kingside, in an aim to establish a
blockade on dark squares.} 11. Ne2 Be7 12. Bg5 Be6 13. Nf4 {As we will see in
a comment below, White has to permanently count with ...f6 when his bishop is
on g5. The point behind the last move is to avoid this circumstance, but Black
can take advantage of the fact that this knight has jumped around quite a lot
already.} Bd5 {The unpleasant threat of ...Bxf3 forces White to release the
tension. He has two possible ways of doing it.} 14. Nxd5 {This has been
White's main choice at the Olympiad. He maintains the blockade on g5, but
helps Black improving his structure.} (14. Bxe7 Kxe7 {Although the bishops
exchange favours White strategically, it also helps Black solving his problems
of coordination. Having got the e7-square for his king, he can play with his
rooks connected, something not very common in the Berlin defence. Also, the
king gets one step closer to the e5-pawn, which generates some constant
discomfort for White.} 15. Ng5 Nd4 {From this point, we have two twin games 
(only for their first part, since in one of them Black went astray at some
point and lost an equal ending).} 16. Rad1 (16. Rfd1 Ne6 17. Ngxe6 Bxe6 18. h4
g6 19. f3 a5 $1 {The start of a beautiful plan of activating rooks along the
fifth rank. White should not prevent the further advance of the a-pawn, since
a2-a4 would leave his own pawn vulnerable.} 20. a3 a4 21. Rd2 Ra5 22. Re1 Rb5
23. c3 Ra8 24. Re4 Raa5 $132 {Volokitin,A (2671)-Alekseev,E (2716)/Dagomys
2009/CBM 130 (1/2, 29)}) 16... Ne6 17. Ngxe6 Bxe6 18. h4 a5 {The same plan as
in the twin game.} 19. a3 a4 20. Rfe1 g6 21. f3 Ra5 22. c3 Rb5 23. Re2 Ra8 24.
Rd4 Raa5 25. Kf2 {White is ready to give up his central pawn in order to get
some activity.} Rxe5 26. Rxe5 Rxe5 27. Rxa4 Rb5 28. b4 $11 {Carlsen,M (2772)
-Jakovenko,D (2760)/Dortmund 2009/CBM 131/[Mueller,Karsten] (1-0, 49)}) 14...
cxd5 15. Rad1 c6 16. Rd3 h4 17. Re1 Rh5 {The most accurate move, fighting for
every inch of space.} (17... Bxg5 18. Nxg5 Rh5 19. f4 {means some little
progress for White, although the position remains unclear.} Ke7 20. c4 dxc4 21.
Rd2 Rd8 22. Rxd8 Kxd8 23. Nxf7+ Ke7 24. Ng5 Rh8 $13 {Ganguly,S (2650)-Miton,K 
(2629)/Khanty-Mansiysk 2010 (0-1, 61)}) 18. Bf4 (18. Bxe7 Kxe7 {would allowe
the activating of the king.}) 18... g6 19. a4 Rd8 20. Red1 Ng7 21. Be3 Ne6 22.
a5 a6 23. c3 {1/2 Karjakin,S (2747)-Pashikian,A (2639)/Khanty-Mansiysk 2010.
The structure has become inert and both sides face problems displaying any
form of activity.}) 11... Be7 12. Ne2 ({In this position, too, White has
offered the bishops' exchange.} 12. Bg5 Be6 13. g3 (13. Rd2 h4 14. Rad1 f6 {
A typical pawn break, getting space for the king.} 15. exf6 gxf6 16. Re1 Kf7
17. Rde2 fxg5 18. Rxe6 Bf6 19. R6e2 Rae8 {Black's space advantage and active
pieces proved being an adequate compensation for the double pawns in Hou,Y 
(2557)-Melkumyan,H (2507)/Gaziantep 2008/CBM 125 Extra (1/2, 63)}) 13... Rd8
14. Kg2 (14. Rxd8+ {Svidler,P (2735)-Leko,P (2735)/Astrakhan 2010/CBM 137/
[Marin,M] (1/2, 28)}) 14... f6 15. Bf4 Bb4 $5 {Black gives up a pawn for the
sake of spoiling the white queenside structure.} 16. exf6 Bxc3 17. f7+ $6 {
After this intermediate move, losing a tempo, Black has no problem at all.} ({
The critical continuation is} 17. bxc3 gxf6 18. Bxc7 Rd7 19. Bb8 a5 $44 {
In the presence of opposite coloured bishops, the weakness of the queenside
pawns and of the long light diagonal offers Black adequate compensation for
the pawn. In case of simplifications, White may well lose one of his c-pawns
anyway.}) 17... Bxf7 18. bxc3 Rxd1 19. Rxd1 Bxa2 20. Ra1 $6 (20. Bxc7 {looks
safer. White restores the material equality and wins a tempo by creating the
threat of Rd8+.}) 20... Bd5 21. Rxa7 $2 ({The last chance to stay in the game
was} 21. c4 {, for instance} Bxf3+ 22. Kxf3 a6 23. Bxc7 $13) 21... Rf8 $17 {
The focused pressure against the f3-knight is hard to resist.} 22. Rxb7 $2 {
Allowing an elegant combination.} Nh4+ $1 23. gxh4 Rxf4 $19 {Zhigalko,A (2591)
-Matlakov,M (2603)/Sestao 2010/CBM 138 (0-1, 26)}) 12... Be6 13. Nf4 {The most
natural regrouping move, which is not without drawbacks, though.} ({In Khanty
Mansiysk, White did not get much with} 13. Ned4 {either. true, on the black
side he had the no 1 specialist of the Berlin defence.} Rd8 14. Bf4 Nxd4 15.
Nxd4 Bc8 16. e6 Bxe6 17. Bxc7 Rd5 18. c4 Rd7 19. Nxe6 fxe6 20. Bb8 Bc5 21. Rxd7
Kxd7 22. Rd1+ Kc8 23. Be5 Rf8 24. Rd2 g6 25. Kf1 Rd8 26. Rxd8+ Kxd8 {and White
has no ways of breaking through, Caruana,F (2700)-Kramnik,V (2780)/
Khanty-Mansiysk 2010 (1/2, 44).}) 13... Bc8 $1 {Getting out of the knights
reach in order to create the threat of ...g5. We can notice that the
beautifully placed knight obstructs the own bishop, losing control over the
g5-square.} 14. b3 $146 {An ambitious, but unfortunate novelty.} ({This line
usually leads to a draw by repetition with} 14. Ne2 Be6 {, something that
happened also in Polgar-Karjakin, Khanty Mansiysk 2010.}) 14... g5 15. Ne2 Rg8
{Black has gained space and time. Soon, he will expand his domination in the
centre as well.} 16. a4 $6 {This is just losing time and weakening the
queenside structure.} (16. Bb2 {looks more natural, but it does not improve
White's position greately.} Be6 (16... Bd7 $5) (16... c5 17. Nc3 Be6 18. Nd5
Bxd5 19. Rxd5 g4 $132) 17. Nfd4 Nxd4 18. Nxd4 Bd7 {[%cal Gc6c5]} 19. a4 (19.
Re1 Rg6) 19... Rd8 20. Rd3 Bc8 21. Rad1 a6 $5 {Black has regrouped perfectly
and is ready to expulse the enemy knight from d4. Later, the vulnerability of
the white queenside will come to tell, in similar way as in the game.}) 16...
Be6 17. Nfd4 Rd8 $1 {The pin along the d-file allows Black win time in
comparison with the previous variation.} 18. Bb2 Bc8 $15 {White has no active
plan, but faces the permanent danger of being left with a vulnerable queenside.
} 19. Rd3 $6 {This makes things worse, but it is hard to suggest anything
constructive.} c5 20. Nxf5 (20. Nb5 Rxd3 21. cxd3 c6 $17) 20... Bxf5 (20...
Rxd3 $2 21. Nxe7 $18) 21. Rxd8+ Kxd8 22. Rc1 $17 {Sad necessity.} ({The
seemingly more active} 22. Rd1+ Kc8 23. Rd2 {loses big part of the queenside
pawns after} Rd8 $19) 22... Kc8 23. Ng3 Bg6 24. Nf1 g4 $1 {[%cal Ge7g5]
Gaining space with the concrete threat of ...Bg5.} 25. hxg4 hxg4 26. Bc3 Rd8 $1
{Preparing ...Bg5.} (26... Bg5 {is premature because of} 27. Bd2 $1 $15) 27.
Ne3 Bg5 28. Kf1 g3 $1 {Opening a new front of attack, the g-file.} 29. Ke2 gxf2
30. Kxf2 Kd7 $1 {Since Black does not mind the rook swap (which piece is going
to defend c2 after that), now is a good moment to activate the king.} 31. Rd1+
Ke6 32. Rxd8 (32. Rc1 Be4 33. Ke2 Rg8 $19) 32... Bxd8 33. Bb2 Bg5 34. c4 Be4
35. g3 a5 36. Nd5 ({White cannot hold the opposite bishops ending after} 36.
Ke2 Bxe3 37. Kxe3 Bc2 38. Kd2 Bxb3 39. Kd3 Bxa4 40. Bc3 b6 41. Ke3 Bb3 42. Kd3
a4 43. Bb2 c6 $19 {[%cal Gb6b5]}) 36... Bxd5 37. cxd5+ Kxd5 {This also is
hopeless.} 38. Kf3 c6 39. Kg4 Be3 40. Bc3 b6 41. Kf5 Bd4 42. Be1 Bxe5 43. g4
Bd4 0-1

[Event "FIDE World Cup"]
[Site "Baku"]
[Date "2015.09.15"]
[Round "2.2"]
[White "Vachier Lagrave, Maxime"]
[Black "Sargissian, Gabriel"]
[Result "1-0"]
[WhiteElo "2758"]
[BlackElo "2679"]
[Annotator "Marin,M"]
[PlyCount "85"]
[EventDate "2015.09.11"]
[EventType "k.o."]
[EventRounds "7"]
[EventCountry "AZE"]
[SourceTitle "CBM 169"]
[Source "ChessBase"]
[SourceDate "2015.11.10"]
[SourceVersion "1"]
[SourceVersionDate "2015.11.10"]
[SourceQuality "1"]

1. e4 e5 2. Nf3 Nc6 3. Bb5 Nf6 4. O-O Nxe4 5. Re1 Nd6 6. Nxe5 Be7 7. Bf1 {
One of those lines in which it is more pleasant to play with White, but
leading to a draw in most cases. Black will need to spend some time to clear
the path for the c8-bishop and one of White's main hopes is getting the bishop
pair with chances for a persistent, even though many times symbolic, endgame
advantage. It is hard to prove an advantage right out of the opening, but
players with good technical skills may hope to win a game once in a while.}
Nxe5 8. Rxe5 O-O 9. Nc3 {Speaking of White's intention to exchange the knight
for one of the enemy bishops.} ({More popular but not really effective is} 9.
d4 Bf6 10. Re1 Re8 11. c3 {Carlsen,M (2870)-Anand,V (2775) Chennai 2013 CBM
158 [Szabo,Kr] (1/2-1/2, 33)}) 9... Ne8 ({A few days later Vachier faced} 9...
Bf6 10. Re1 Re8 11. Nd5 (11. d4 $5 {is also interesting} Rxe1 12. Qxe1 Bxd4 13.
Bf4 Ne8 14. Nd5 $44 {Kravtsiv,M (2565)-Kryvoruchko,Y (2692) Jerusalem 2015 (1/
2-1/2, 24)}) 11... Rxe1 12. Qxe1 b6 13. d3 Bb7 14. Nxf6+ Qxf6 {White has
exchanged the other bishop from that in our main game. At the moment, Black's
superior development and lack of weaknesses seems to fully compensate for the
bishop pair, but if he does not achieve anything concrete White will be better
in the long run, as actually happened in the game.} 15. Qb4 Nf5 16. c3 Re8 17.
Bd2 c5 18. Qf4 h6 19. Re1 Rxe1 20. Bxe1 d6 21. h4 $5 {An interesting pawn
sacrifice.} g6 (21... Nxh4 22. Qxf6 gxf6 23. Bd2 $14 {[%cal Gd2f4]}) 22. Bd2 h5
23. Qa4 a6 24. Qd7 Qe7 25. Qxe7 Nxe7 26. Bf4 Nf5 27. f3 $14 {Black has not
done anything really wrong, but we can feel the aforementioned trend: White
has obtained a very pleasant ending. True, in Vachier Lagrave,M (2744)-So,W 
(2773) Baku 2015 (1/2-1/2, 41) he did not manage to get the full point.}) 10.
Nd5 Bd6 11. Re1 ({More natural than} 11. Re2 {White has little chance to speed
up doubling his rooks on the e-file, while blocking the queen's access to f3
encourages Black to start active play with ...f7-f5.} c6 12. Ne3 Bc7 13. Nf5 d5
14. Ne7+ Kh8 15. Nxc8 Rxc8 16. d3 f5 17. g3 Qf6 $11 {Vachier Lagrave,M (2766)
-Giri,A (2750) Biel 2014 CBM 162 [Sagar Shah] (1-0, 61)}) 11... c6 12. Ne3 Bc7
({This gives up the control of the e7-square, but} 12... Be7 {has other
drawbacks: the bishop is hanging in some lines, allowing White to gain space
in the centre:} 13. c4 Nc7 (13... d5 14. cxd5 cxd5 15. Nxd5 $14 {wins a pawn
since Black cannot trap the enemy rook easily:} Qxd5 16. Rxe7 Be6 17. b3 b6 18.
Bb2 Qd6 19. Qf3 $16) 14. d4 d6 (14... d5 15. cxd5 Bb4 {The only way to avoid a
somewhat inferior position with symmetrical structure.} 16. Bd2 Bxd2 17. Qxd2
Nxd5 18. Nxd5 Qxd5 19. Re5 Qd6 20. Bc4 $14 {[%csl Gc8,Gf7][%cal Ga1e1]}) 15. g3
Bf6 16. Bg2 g6 17. Qd3 d5 18. cxd5 cxd5 19. b3 Be6 20. a4 $14 {Karjakin,S 
(2762)-Aronian,L (2784) Skopje 2015 (1/2-1/2, 40), White is more active, even
though Black's position is hard to break.}) 13. Nf5 d5 14. Ne7+ Kh8 15. Nxc8
Rxc8 {White has achieved his opening aim, but the light-squared bishop is
restricted by the central pawns. In order to endanger Black's position it is
necessary to exchange most of or all major pieces, in order to attack the
Achilles heel with Bc8. But that is not easy to achieve.} 16. d3 (16. g3 Nd6
17. Bh3 f5 {Nakamura,H (2772)-Carlsen,M (2862) Saint Louis 2013 CBM 157 
[Ramirez Alvarez] (½-½, 32), where it gradually solved Black's problems.})
16... Qf6 ({A few weeks later Vachier did not achieve anything after the more
ambitious} 16... f5 17. Qf3 Nf6 18. Bf4 Bxf4 19. Qxf4 Qc7 20. Qxc7 Rxc7 21. d4
g6 {Vachier Lagrave,M (2758)-Kryvoruchko,Y (2710) Berlin (rapid) 2015 (1/2-1/2,
31)}) 17. Qg4 Nd6 {The fastest way to start fighting for the only open file.} (
17... Bb6 18. Re2 Nc7 {is slower but more harmonious, since the knight is
heading for the optimal e6-square.} 19. c3 Rce8 20. Qg5 Qxg5 21. Bxg5 Rxe2 22.
Bxe2 Re8 23. Kf1 Ne6 24. Bd2 Bc7 25. g3 g6 26. b4 $14 {Guseinov,G (2621)
-Bacrot,E (2702) Fujairah 2012 (½-½, 30), This ending looks pleasant for
White, but the game ended in a draw without any special problems for Black.})
18. c3 Rce8 19. Bf4 $5 $146 {After Black's inaccuracy on move 21, the pin
created by this bishop will play an important part.} (19. Bd2 {led to an
uneventful draw:} Kg8 20. Qg5 Qxg5 21. Bxg5 Rxe1 22. Rxe1 Re8 23. Rxe8+ Nxe8
24. Be3 a6 25. f4 f5 26. g3 Kf7 27. Kf2 Nf6 28. Kf3 g6 {Van Delft,M (2424)
-Klein,D (2489) Wijk aan Zee 2013 (1/2-1/2, 42)}) 19... Re6 20. g3 (20. Rxe6 {
is premature because of} fxe6 $1 {[%csl Gf2]} 21. Be3 e5 $132) 20... Rfe8 21.
Rxe6 Qxe6 $2 {Black must have completely lost the feel for danger, especially
that the line is considered to have a drawish character.} (21... fxe6 $6 {
is less convenient under the changed circumstances. After} 22. Re1 e5 23. Qh5
Nf7 24. d4 $14 {Black comes under a unpleasant system of pins.}) ({But} 21...
Rxe6 $1 {[%csl Gb2,Gf2] offeres good chances for equalising completely. The
main point is that the black queen exerts some X-ray pressure against f2 and
b2, thus preventing the thematic opening of the centre with c3-c4.}) 22. Qxe6
Rxe6 23. c4 $1 $16 {Suddenly Black has concrete problems. His pieces lack
harmony and the light-squared bishop is threatening to become active.} dxc4 (
23... d4 24. c5 {[%csl Gb7]} Ne8 25. Bh3 Re7 26. Bd2 Nf6 27. Bc8 b6 28. Rc1 b5
29. Re1 {[%csl Gc6] is hopeless for Black.}) (23... Ne8 24. cxd5 cxd5 25. Be3
Bb6 26. Bh3 Re7 (26... Rd6 27. Rc1 $16) (26... Rc6 $2 27. Bd7 $18) 27. Bxb6
axb6 28. Rc1 $16 {Black has problems defending his weaknesses against White's
better coordinated pieces.}) 24. dxc4 Ne8 $6 {This passive retreat makes
things worse.} (24... Bb6 25. Rd1 Ne4 {is more active and offers better
chances for surviving.} 26. Be3 g6 27. Bxb6 axb6 28. Rd7 Nd6 29. f4 {Preparing
b2-b4.} (29. b4 {is premature due to} c5 30. bxc5 bxc5 31. Bg2 $6 Re1+) 29...
Kg7 (29... c5 30. b3 $16 {[%cal Gf1g2,Gg2h3]}) 30. b4 c5 31. bxc5 bxc5 32. Bg2
$16 {for instance} b6 33. Bd5 Rf6 34. a4) 25. Bxc7 Nxc7 26. Rd1 {White's
attack is decisive already.} Re7 27. Rd8+ Ne8 (27... Re8 28. Rd7 $18) 28. Bh3
Kg8 29. Ra8 g6 (29... a6 30. Bc8 Kf8 31. Rb8 $18) 30. Rxa7 {White has won a
pawn and retains the initiative.} Nd6 31. c5 Nb5 32. Ra4 Nc7 33. Rd4 f5 34. Bf1
Kf8 35. Bc4 Re1+ 36. Kg2 Ke7 37. Bg8 Re4 38. Rd2 h5 39. Rd6 g5 40. Rg6 g4 41.
Rg7+ Kd8 42. Rg5 Re8 43. Bc4 1-0

[Event "World Cup"]
[Site "Khanty-Mansiysk"]
[Date "2009.11.21"]
[Round "1.1"]
[White "Negi, Parimarjan"]
[Black "Milov, Vadim"]
[Result "1-0"]
[WhiteElo "2620"]
[BlackElo "2652"]
[Annotator "Marin,M"]
[PlyCount "109"]
[EventDate "2009.11.21"]
[EventType "k.o."]
[EventRounds "7"]
[EventCountry "RUS"]
[SourceTitle "CBM 134"]
[Source "ChessBase"]
[SourceDate "2010.01.18"]
[SourceVersion "1"]
[SourceVersionDate "2010.01.18"]
[SourceQuality "1"]

1. e4 e5 2. Nf3 Nc6 3. Bb5 Nf6 4. O-O Nxe4 5. d4 Nd6 6. Bxc6 dxc6 7. dxe5 Nf5
8. Qxd8+ Kxd8 9. Nc3 h6 10. h3 Bd7 11. b3 a5 ({Deviating from a recent game at
top level, which went} 11... Kc8 {Svidler,P (2754)-Ponomariov,R (2739)/Moscow
2009/CBM 133/[Marin,M] (1/2, 31)}) 12. Bb2 Kc8 13. Rad1 b6 14. a4 Ne7 15. Rfe1
c5 16. Ne2 $146 {White takes the f4-square under control in advance, preparing
to meet the inevitable black next move with the advance of the h-pawn.} (16.
Ne4) (16. Nd2) 16... Ng6 17. h4 Bg4 18. Nh2 Bf5 19. h5 Ne7 20. Rd2 Rg8 21. Nf4
Be6 22. c4 $14 {White has managed to consolidate his space advantage.} Kb7 23.
Nxe6 fxe6 24. Rd7 Nc6 25. Re4 Re8 26. Rg4 Kc8 27. Rd3 Ne7 28. Kf1 Nf5 29. Nf3
Rd8 30. Ke2 Be7 31. Rg6 Rxd3 32. Kxd3 Rd8+ 33. Ke2 Bf8 34. Rxe6 Ne7 35. Nh4 Kd7
36. Rg6 Nxg6 37. Nxg6 Ke8 38. f4 Be7 39. g4 c6 40. Bc3 Kf7 41. e6+ Kxe6 42.
Bxg7 Bf6 43. Bxh6 Kf7 44. Bg5 Re8+ 45. Kf3 Bd4 46. Be7 b5 47. f5 bxa4 48. bxa4
Rb8 49. h6 Rb3+ 50. Ke4 Rc3 51. g5 Rxc4 52. Ne5+ Bxe5+ 53. Kxe5 Kxe7 54. h7 Rh4
55. g6 1-0

[Event "Abu Dhabi op 14th"]
[Site "Abu Dhabi"]
[Date "2004.08.21"]
[Round "7"]
[White "Dzhumaev, Marat"]
[Black "Kayumov, Sergey"]
[Result "1-0"]
[WhiteElo "2520"]
[BlackElo "2404"]
[Annotator "Marin,M"]
[PlyCount "129"]
[EventDate "2004.08.14"]
[EventType "swiss"]
[EventRounds "9"]
[EventCountry "UAE"]
[SourceTitle "CBM 103"]
[Source "ChessBase"]
[SourceDate "2004.11.11"]
[SourceVersion "1"]
[SourceVersionDate "2004.11.11"]
[SourceQuality "1"]

1. e4 e5 2. Nf3 Nc6 3. Bb5 Nf6 4. O-O Nxe4 5. d4 Nd6 6. Bg5 Be7 7. Bxe7 Nxe7 8.
dxe5 Nxb5 9. a4 d5 10. axb5 Bg4 11. h3 Bh5 12. Nc3 O-O 13. Qd3 Bxf3 14. Qxf3 f6
15. e6 Qd6 16. Rfe1 f5 17. Ne2 a6 18. bxa6 Rxa6 19. Rxa6 Qxa6 20. Nf4 Qd6 21.
h4 c6 22. Qg3 Re8 23. Qg5 h6 24. Qg3 Kh7 25. c3 Ra8 26. Qf3 Ra4 27. b4 c5 28.
Rd1 cxb4 29. Nxd5 Nxd5 30. Qxf5+ Kh8 31. Qxd5 Qxd5 32. Rxd5 Ra1+ 33. Kh2 Re1
34. cxb4 Rxe6 35. Rb5 b6 {A typical ending where besides his material
advantage (an extra pawn on the king side) White has the more active rook.
Besides, with his next move he will win space on the king side. White's win
will never be put under doubt in any moment. Ein typisches Endspiel, wo Weiß
neben seinem Materialvorteil (ein Mehrbauer am Königsflügel) auch noch den
aktiveren Turm hat. Zudem wird er mit seinem nächsten Zug Raum am Königsflügel
gewinnt. Der Sieg des Anziehenden steht zu keinem Moment in Zweifel.} 36. h5
Kg8 37. Kg3 Rf6 38. f3 Kf7 39. Kg4 {Both sides aim to activate their kings,
but White has better prospects of centralisation, since the black king cannot
cross the 5th rank. This is a first consequence of having the more active rook.
Beide Seiten trachten danach, ihre Könige zu aktivieren, aber Weiß hat bei der
Zentralisierung die besseren Aussichten, da der schwarze Monarch die fünfte
Reihe nicht überschreiten kann. Dies ist eine erste Konsequenz., wenn man den
aktiveren Turm hat.} Rc6 40. Kf5 Ke7 41. g4 Kd7 42. Re5 Rf6+ 43. Ke4 Kd6 44.
Rf5 Re6+ 45. Kd4 Re7 46. Rf8 {[%csl Yb6,Yg7] In the next phase, the rook will
try to create threats on both wings, but Black will easily defend. In der
nächsten Phase wird der Turm versuchen, Drohungen auf beiden Flügel
aufzustellen, aber Schwarz wehrt diese leicht ab.} Kc6 47. Kc4 Rd7 48. Rf5 Re7
49. Kd4 Kd6 50. f4 {The right plan. White makes further progress on the king
side. Der richtige Plan. Weiß macht weitere Fortschritte am Königsflügel.} Ra7
51. Rd5+ Ke6 52. Rd8 Rc7 53. Re8+ Kd7 54. Rb8 Kc6 55. Ke5 Kb5 56. g5 hxg5 57.
fxg5 Rd7 (57... Kxb4 58. Rxb6+ {is hopeless for Black, since his king will not
be able to defend the king side. ist hoffnungslos für Schwarz, da sein König
von der Verteidigung des Königsflügels abgeschnitten ist.}) 58. Kf5 Rc7 59. Kg6
Rd7 60. Rg8 {The direct consequence of the advantage in space is that Black's
queen side counterplay will be too slow. Die direkte Konsequent des
Raumvorteils ist, dass das schwarze Gegenspiel am Damenflügel zu langsam sein
wird.} Kxb4 61. Rxg7 Rd6+ 62. Kh7 Rd5 63. h6 Kc5 64. g6 Kc6 65. Rf7 1-0